Agent-based simulation framework for online optimization of the on-demand transit operation (Record no. 45638)

000 -LEADER
fixed length control field 00519nam a22001697a 4500
001 - CONTROL NUMBER
control field 45638
003 - CONTROL NUMBER IDENTIFIER
control field BD-DhUET
008 - FIXED-LENGTH DATA ELEMENTS--GENERAL INFORMATION
fixed length control field 260329b xxu||||| |||| 00| 0 eng d
040 ## - CATALOGING SOURCE
Transcribing agency 0
Modifying agency BD-DhUET
100 ## - MAIN ENTRY--PERSONAL NAME
Personal name Ismail ,Md.
245 ## - TITLE STATEMENT
Title Agent-based simulation framework for online optimization of the on-demand transit operation
260 ## - PUBLICATION, DISTRIBUTION, ETC. (IMPRINT)
Place of publication, distribution, etc. Dhaka
Name of publisher, distributor, etc. Department of Computer Science and Engineering, BUET
Date of publication, distribution, etc. 2025
300 ## - PHYSICAL DESCRIPTION
Extent ix,79p.
501 ## - WITH NOTE
With note One CD-ROM
504 ## - BIBLIOGRAPHY, ETC. NOTE
Bibliography, etc Includes bibliographies
942 ## - ADDED ENTRY ELEMENTS (KOHA)
Koha item type Thesis
Holdings
Copy number Koha date last seen Shelving location Date acquired Damaged status Koha item type Location (home branch) Sublocation or collection (holding branch) Source of classification or shelving scheme Piece designation (barcode) Price effective from Withdrawn status Not for loan Lost status
12026-03-29Acquisition section2026-02-18 ThesisCentral Library, BUETCentral Library, BUET 1209982026-03-29